000 00656nam a2200205Ia 4500
001 22781
003 GE_BSU
008 181216s||||||||xx |||||||||||||| ||und||
040 _cGE_BSU
245 _aСоциально-гуманитарные знания. №3 2018.
245 _bНаучно-образовательное издание
245 _cГл. ред. А.В. Аванесова
260 _aМосква
260 _c2018
300 _a368 стр. 20 см.
653 _aПериодика
653 _aСоциально-гуманитарные знания. №3 2018.
653 _aპერიოდიკა
942 _cCR
999 _c55686
_d55686